| 000 | 01981nam0a2200385 i 4500 | ||
|---|---|---|---|
| 001 | RU\NLR\bibl\2011838 | ||
| 005 | 20260408064209.0 | ||
| 010 |
_a9785725325652 _9100 |
||
| 021 |
_aRU _b2013-14317 _91018 |
||
| 035 | _a(nilc)RuMoRGB-006542020 | ||
| 035 | _a(NLR Aleph) 002000360 | ||
| 090 |
_a4350494 _c4350494 |
||
| 100 | _a20130226d2012 k y0rusy50 ca | ||
| 101 | 0 | _arus | |
| 102 | _aRU | ||
| 105 | _aa ||||||||| | ||
| 200 | 1 |
_aСовременное состояние и перспективы развития пенсионной системы России _f[Д.Ю. Федотов, Т.В. Файберг, С.С. Быков и др.] _gМ-во образования и науки Рос. Федерации, Байк. гос. ун-т экономики и права |
|
| 210 |
_aИркутск _cИзд-во БГУЭП _d2012 |
||
| 215 |
_a137 с. _cил. _d20 |
||
| 300 | _aАвт. указаны на обороте тит. л. | ||
| 320 | _aБиблиогр.: с. 86-87 (33 назв.) и в подстроч. примеч. | ||
| 606 | 1 |
_aПенсионное обеспечение _yРоссийская Федерация _92070247 _3RU\NLR\auth\661244964 |
|
| 686 | _aУ27(2)222 | ||
| 701 | 1 |
_4070 _7ca _8rus _aФедотов _bД. Ю. _cд-р экон. наук _gДмитрий Юрьевич _944071 _3RU\NLR\AUTH\7761141 |
|
| 701 | 1 |
_aФайберг _bТ. В. _gТатьяна Владимировна _4070 |
|
| 701 | 1 |
_4070 _aБыков _bС. С. _cканд. экон. наук _gСтепан Сергеевич _9128226 _3RU\NLR\AUTH\770128253 |
|
| 712 | 0 | 2 |
_4570 _aБайкальский государственный университет экономики и права _cИркутск _9581665 _3RU\NLR\AUTH\8810041217 |
| 801 | 0 |
_aRU _bRuMoRKP _c20130226 _gRCR |
|
| 801 | 2 |
_aRU _bРГБ _c20130401 _grcr |
|
| 801 | 1 |
_aRU _bRuMoRKP _c20130226 _2rusmarc |
|
| 801 | 2 |
_aRU _bNLR _c20130315 _grcr |
|
| 942 | _cBOOK | ||
| 980 | _aNBR | ||